Sociología del sida (Record no. 66365)

MARC details
000 -LEADER
campo de control de longitud fija 01078nam a2200289 i 4500
001 - NÚMERO DE CONTROL
campo de control 66365
003 - IDENTIFICADOR DE NÚMERO DE CONTROL
campo de control ES-MaACL
005 - FECHA Y HORA DE LA ÚLTIMA TRANSACCIÓN
campo de control 20250827062545.0
007 - CAMPO FIJO DE DESCRIPCIÓN FÍSICA--INFORMACIÓN GENERAL
campo de control de longitud fija t|
008 - DATOS DE LONGITUD FIJA--INFORMACIÓN GENERAL
campo de control de longitud fija 030402s2002 sp ||||0| spa d
020 ## - NÚMERO INTERNACIONAL ESTÁNDAR DEL LIBRO
Número Internacional Estándar del Libro 84-7476-340-1
080 ## - NÚMERO DE LA CLASIFICACIÓN DECIMAL UNIVERSAL
Número de la Clasificación Decimal Universal 613.88-053.81(460.35)
080 ## - NÚMERO DE LA CLASIFICACIÓN DECIMAL UNIVERSAL
Número de la Clasificación Decimal Universal 316.644-053.81(460.35):616.98:578.828 VIH
100 1# - ENTRADA PRINCIPAL--NOMBRE DE PERSONA
Nombre de persona Bimbela Pedrola, José-Luis.
9 (RLIN) 28902
245 10 - MENCIÓN DEL TÍTULO
Título Sociología del sida
Resto del título : jóvenes y sexualidad en Andalucía /
Mención de responsabilidad, etc. José L. Bimbela.
250 ## - MENCION DE EDICION
Mención de edición 1ª ed.
260 ## - PUBLICACIÓN, DISTRIBUCIÓN, ETC.
Lugar de publicación, distribución, etc. Madrid :
Nombre del editor, distribuidor, etc. Centro de Investigaciones Sociológicas :
-- Siglo XXI de España,
Fecha de publicación, distribución, etc. 2002.
300 ## - DESCRIPCIÓN FÍSICA
Extensión XIII, 202 p. :
Otras características físicas gráf. ;
Dimensiones 21 cm.
490 1# - MENCIÓN DE SERIE
Mención de serie Monografías ;
Designación de volumen o secuencia 194
504 ## - NOTA DE BIBLIOGRAFÍA, ETC.
Nota de bibliografía, etc. Bibliografía: p. [145]-156.
650 #4 - PUNTO DE ACCESO ADICIONAL DE MATERIA--TÉRMINO DE MATERIA
Término de materia o nombre geográfico como elemento de entrada Jóvenes-
Subdivisión general Conducta sexual-
Subdivisión geográfica Andalucía.
9 (RLIN) 13946
650 #4 - PUNTO DE ACCESO ADICIONAL DE MATERIA--TÉRMINO DE MATERIA
Término de materia o nombre geográfico como elemento de entrada SIDA-
Subdivisión general Aspectos sociales-
Subdivisión geográfica Andalucía.
9 (RLIN) 17089
710 2# - ENTRADA AGREGADA--NOMBRE DE ENTIDAD CORPORATIVA
Nombre de entidad corporativa o nombre de jurisdicción como elemento de entrada Centro de Investigaciones Sociológicas (España)
9 (RLIN) 2708
830 10 - PUNTO DE ACCESO ADICIONAL DE SERIE-TÍTULO UNIFORME
Título uniforme Monografías (Centro de Estudios Benaventanos "Ledo del Pozo")
Designación de volumen o secuencia 194
9 (RLIN) 177262
852 ## - LOCALIZACIÓN
Ubicación ES-MaACL
Número de control de estantería L-26886
Holdings
Estatus retirado Estado de pérdida Estado de daño No para préstamo Biblioteca de origen Biblioteca actual Ubicación en estantería Fecha de adquisición Fuente de adquisición Total de préstamos Signatura topográfica completa Código de barras Visto por última vez Precio de reemplazo Tipo de ítem Koha
        Biblioteca del Ateneo de Madrid Biblioteca del Ateneo de Madrid Depósito 2 17/01/2008     L-26886 1069526 23/02/2023 23/02/2023 Libro impreso